000
00218nam a2200109 4500
999
_c
533556
_d
533556
040
_c
DLC
082
_a
839.8236
100
_a
Knut Hamsun
_9
27502
245
_a
Growth of the Soil
300
_a
434p
942
_2
ddc
_c
BK